000 01064nam a2200253 i 4500
001 bg
245 0 0 _aSymulacja w badaniach i rozwoju :
_bzbiór referatów VIII Warsztatów Naukowych PTSK, Gdańsk-Sobieszewo, 30 sierpnia-1 września 2001 /
_cpod red. Jarosława Rybickiego i Andrzeja Tylikowskiego ; Polskie Towarzystwo Symulacji Komputerowej [et al.].
260 _aGdańsk :
_b"TASK Publishing" :
_bprzy współpr. Gdańskiego Towarzystwa Naukowego,
_c2002.
300 _a481 s. :
_bil., mapa ;
_c24 cm.
500 _aU dołu s. tyt.: Gdańsk Sobieszewo 2001. - Tekst częśc. ang. Streszcz. ang. przy ref.
504 _aBibliogr. przy ref.
650 9 _aSymulacja
655 _aMateriały konferencyjne
700 1 _aRYBICKI, Jarosław.
_eRed.
700 1 _aTYLIKOWSKI, Andrzej.
_eRed.
710 0 _aPolskie Towarzystwo Symulacji Komputerowej
020 _a8387359491 (GTN)
040 _cBPK
041 0 _aplen
_ben
080 _a519.876.5:004.94](061)
920 _a83-87359-49-1 (GTN)
942 _cKS
008 s pl f |000 0 pol
999 _c40668
_d40668
856 _uhttp://koha.tu.koszalin.pl/cgi-bin/koha/opac-detail.pl?biblionumber=40668
_yKatalog online BPK